LEADER 01711nam0 2200373 i 450 001 SUN0124868 005 20191029090152.11 010 $d0.00 017 70$2N$a978-3-030-04885-3 100 $a20191028d2018 |0engc50 ba 101 $aeng 102 $aCH 105 $a|||| ||||| 200 1 $a*Modeling and Simulation with Compose and Activate$fStephen L. Campbell, Ramine Nikoukhah 205 $aCham : Springer, 2018 210 $axvi$d447 p.$cill. ; 24 cm 215 $aPubblicazione in formato elettronico 606 $a68Uxx$xComputing methodologies and applications [MSC 2020]$2MF$3SUNC019673 606 $a65Y15$xPackaged methods for numerical algorithms [MSC 2020]$2MF$3SUNC020053 606 $a34Hxx$xControl problems including ordinary differential equations [MSC 2020]$2MF$3SUNC022298 606 $a34Axx$xGeneral theory for ordinary differential equations [MSC 2020]$2MF$3SUNC023535 606 $a37M05$xSimulation of dynamical systems [MSC 2020]$2MF$3SUNC033557 620 $aCH$dCham$3SUNL001889 700 1$aCampbell$b, Stephen L.$3SUNV031974$0471255 701 1$aNikoukhah$b, Ramine$3SUNV096288$0767849 712 $aSpringer$3SUNV000178$4650 790 1$aCampbell, Stephen La Vern$zCampbell, Stephen L.$3SUNV043324 790 1$aCampbell, La Vern$zCampbell, Stephen L.$3SUNV043325 801 $aIT$bSOL$c20210503$gRICA 856 4 $uhttp://doi.org/10.1007/978-3-030-04885-3 912 $aSUN0124868 950 $aUFFICIO DI BIBLIOTECA DEL DIPARTIMENTO DI MATEMATICA E FISICA$d08CONS e-book 1256 $e08eMF1256 20191028 996 $aModeling and Simulation with Compose and Activate$91563662 997 $aUNICAMPANIA LEADER 00814nam a2200241 i 4500 001 991004308220507536 005 20240229141227.0 008 240226s1982 it e 001 0 ita d 040 $aBibl. Dip.le Aggr. Scienze Umane e Sociali - Sez. Studi Storici 082 0 $a330.945207 100 1 $aSella, Domenico$0134246 240 10$aCrisis and continuity$948822 245 02$aL'economia lombarda durante la dominazione spagnola /$cDomenico Sella 260 $aBologna :$bIl mulino,$c1982 300 $a325 p.$c22 cm 490 1 $aSaggi / [Il mulino] ;$v230 504 $aBibliogr.: p. 303-321 651 7$aLombardia - Economia - Sec.17. 651 7$aLombardia - Storia - Sec.17. 830 0$aSaggi / [Il mulino] ;$v230 912 $a991004308220507536 996 $aCrisis and continuity$948822 997 $aUNISALENTO